| 000 | 00351nam a2200109Ia 4500 | ||
|---|---|---|---|
| 008 | 220204s9999 xx 000 0 und d | ||
| 082 |
_a551.46(061.3) _bPIL |
||
| 245 | 0 | _aProceedings of the second workshop on scientific results of FORV SAGAR SAMPADA | |
| 260 |
_aNew Delhi _bDepeartment og Ocean Development _c1996 |
||
| 700 | _aPillai, V K | ||
| 942 | _cBK | ||
| 999 |
_c43932 _d43932 |
||